Elimparcial.com

Detalles Bibliográficos
Formato: Revista
Lenguaje:español
Publicado: Mx̌ico DF : Elimparcial,
Materias:
Acceso en línea:http://www.vlex.com/source/7306

MARC

LEADER 00000nas a22000007a 4500
005 20130325155135.0
007 cr|||| ||||
008 130325c 9999mx dr|p s|||| 0|||b1spa d
035 |a 7306 
040 |a vLex 
090 |c 4010  |d 4010 
245 0 0 |a Elimparcial.com  |h [Recurso electrn̤ico] 
256 |a Servicio en ln̕ea 
260 |a Mx̌ico DF :   |b Elimparcial,  
300 |a 1 Recurso electrn̤ico 
506 |d vLex Global  |d vLex Global (Academic Edition, excluding Law Schools)  |d vLex Global (U.S. Academic Edition, Law Schools)  |d vLex Global (U.S. Academic Edition, excluding Law Schools)  |d vLex Global (Academic Edition, Law Schools) 
650 0 4 |a Informacin̤ general  |v Revistas  |z Mx̌ico 
740 |a vLex Revistas (Servicio en ln̕ea) 
856 |a Acceso restringido  |u http://www.vlex.com/source/7306 
942 |c REV 
999 0 |a News